00473pam a2200145 i 4500020001500000082001600015100002200031245003500053260003700088300002600125490003600151500007600187650004100263650002300304 a072163184300a543.085 DRA1 aDrago, Russell S.10aPhysical methods in chemistry  aPhiladelphia :bSaunders,c1977. axvi, 660 p. :bill. ;0 aSaunders golden sunburst series aPublished in 1965 under title: Physical methods in inorganic chemistry. 0aChemistry, Physical and theoretical. 0aSpectrum analysis.